000 00644cab a22002175a 4500
001 L155162
008 120307e20120924xxk 000 0 eng d
035 _a(Sirsi) u155162
041 0 _aeng
100 1 _aAtkins, John
245 0 0 _aCountry focus
_bGermany
260 _c2012
490 _aBuilding
_v277 (8717) 2 March 2012, 50-52(3)
520 _aEconomic overview of Germany, the property sector, the construction industry, first quarter 2012 costs £m2, key data.
590 _aKA
651 4 _aGermany
_y1990-
690 _aConstruction management
_96230
700 1 _aRudolph, Meinhard
710 _aEC Harris
_94930
942 _n0
999 _c83828
_d83828